Govt. of
Madhya Pradesh

Structural Adjustment ,Global Trade And The New Political Economy Of Development (Record no. 49607)

MARC details
000 -LEADER
fixed length control field 004080000a22001570004500
001 - CONTROL NUMBER
control field 000300
003 - CONTROL NUMBER IDENTIFIER
control field MACL
040 ## - CATALOGING SOURCE
Original cataloging agency MACL
090 ## - LOCALLY ASSIGNED LC-TYPE CALL NUMBER (OCLC); LOCAL CALL NUMBER (RLIN)
-- 300
-- 300
100 ## - MAIN ENTRY--PERSONAL NAME
Personal name Dasgupta, Biplab
245 ## - TITLE STATEMENT
Title Structural Adjustment ,Global Trade And The New Political Economy Of Development
Statement of responsibility, etc. Biplab Dasgupta
260 ## - PUBLICATION, DISTRIBUTION, ETC. (IMPRINT)
Place of publication, distribution, etc. Vistaar Publications,
Date of publication, distribution, etc. 1998
350 ## - PRICE (NR) (BK AM CF MU VM SE) [OBSOLETE]
Price 450
650 ## - SUBJECT ADDED ENTRY--TOPICAL TERM
Topical term or geographic name as entry element Political Economy
942 ## - ADDED ENTRY ELEMENTS (KOHA)
Call number prefix 330
Koha item type Library Membar

No items available.